LEADER 01571nam a2200325 i 4500 001 000000136115 003 CaOOAMICUS 005 20160525000000.0 008 160525s2015 it u000 u ita u 013 $a109589 020 $a978-88-6244-426-2 040 $aSeMil$bita 245 10$aPreti si diventa preti si resta /$c[Questo numero è stato redatto e curato da Michele Giulio Masciarelli]. 260 $aTodi (PG) :$bTau Editrice,$c2015. 300 $a232 p. ;$c23 cm. 490 0 $aVia pulchritudinis. Quaderni Planus ;$v4 500 $aIn mezzo al front : Istituto Teologico Abruzzese-Molisano PIANUM affliato alla Pontificia Università Lateranense, Roma. 650 4$aDirezione spirituale.$0(OLS)http://semarc/subject/2829 650 4$aSacerdoti - Biografie.$0(OLS)http://semarc/subject/16615 650 4$aVocazione sacerdotale.$0(OLS)http://semarc/subject/46 650 4$aSacerdoti - Formazione.$0(OLS)http://semarc/subject/12198 650 4$aLanciano (Diocesi).$0(OLS)http://semarc/subject/26776 700 1 $aMasciarelli, Michele Giulio.$0(OLS)http://semarc/name/15235 830 0$aVia pulchritudinis. Quaderni Planus ;$v4.$0(OLS)http://semarc/title/44927 850 $aSeMil 852 $aSeMil$W1$xVenegono$y1$m3G V 285$j89733$B89733$CSeMilBibl$Z2$F211115 $81 961 $aOmaggio: Passoni don Cristiano 996 $6020$a978-88-6244-426-2$9(OLS)http://semarc/number/123533 996 $6245$aPreti si diventa preti si resta$9(OLS)http://semarc/title/198897 996 $6260$aTodi (PG) :$bTau Editrice$9(OLS)http://semarc/publisher/35322 LEADER 01321nam a2200313 i 4500 001 000000101127 003 CaOOAMICUS 005 20180119000000.0 008 180119s2000 it u000 u ita u 013 $a73279 020 $a88-372-1766-8 040 $aSeMil$bita 100 1 $aMancini, Italo,$d<1925-1993>.$0(OLS)http://semarc/name/2474 245 10$aFrammento su Dio /$cItalo Mancini ; a cura di Andrea Aguti ; prefazione di Graziano Ripanti. 260 $aBrescia :$bMorcelliana,$c2000. 300 $a399 p. ;$c21 cm. 490 0 $aFilosofia 650 4$aDio - Filosofia.$0(OLS)http://semarc/subject/2018 650 4$aFilosofia della religione.$0(OLS)http://semarc/subject/504 650 4$aDifferenza - Filosofia.$0(OLS)http://semarc/subject/3250 700 1 $aRipanti, Graziano.$0(OLS)http://semarc/name/26331 700 1 $aAguti, Andrea,$d<1967- >.$0(OLS)http://semarc/name/43552 830 0$aFilosofia.$0(OLS)http://semarc/title/8053 850 $aSeMil 852 $aSeMil$W1$xVenegono$y1$m2LA Z 60$j270596$B58068$CSeMilBibl$Z2$F68638 $81 961 $aRecupero: Seminario di Seveso 996 $6020$a88-372-1766-8$9(OLS)http://semarc/number/272587 996 $6245$aFrammento su Dio$9(OLS)http://semarc/title/406815 996 $6260$aBrescia :$bMorcelliana$9(OLS)http://semarc/publisher/29629